Microelectronics Circuits and Design (Record no. 36249)
[ view plain ]
| 000 -LEADER | |
|---|---|
| fixed length control field | 00386nam a22001577a 4500 |
| 003 - CONTROL NUMBER IDENTIFIER | |
| control field | OSt |
| 005 - DATE AND TIME OF LATEST TRANSACTION | |
| control field | 20250908144113.0 |
| 007 - PHYSICAL DESCRIPTION FIXED FIELD--GENERAL INFORMATION | |
| fixed length control field | 1370 |
| 008 - FIXED-LENGTH DATA ELEMENTS--GENERAL INFORMATION | |
| fixed length control field | 250908b |||||||| |||| 00| 0 eng d |
| 040 ## - CATALOGING SOURCE | |
| Transcribing agency | |
| 082 ## - DEWEY DECIMAL CLASSIFICATION NUMBER | |
| Classification number | 621.3815 |
| Item number | NEA |
| 245 ## - TITLE STATEMENT | |
| Title | Microelectronics Circuits and Design |
| Statement of responsibility, etc. | Donald A Neamen |
| 250 ## - EDITION STATEMENT | |
| Edition statement | 4 |
| 260 ## - PUBLICATION, DISTRIBUTION, ETC. | |
| Name of publisher, distributor, etc. | Mcgraw hill |
| Date of publication, distribution, etc. | 2010 |
| 942 ## - ADDED ENTRY ELEMENTS (KOHA) | |
| Source of classification or shelving scheme | Dewey Decimal Classification |
| Koha item type | BOOK |
| Edition | 4 |
| Call number prefix | 621.3815 |
| Call number suffix | NEA |
| Suppress in OPAC | No |
| Withdrawn status | Lost status | Source of classification or shelving scheme | Damaged status | Not for loan | Collection | Home library | Current library | Date acquired | Cost, normal purchase price | Inventory number | Total Checkouts | Full call number | Barcode | Date last seen | Date last checked out | Price effective from | Koha item type | Date due |
|---|---|---|---|---|---|---|---|---|---|---|---|---|---|---|---|---|---|---|
| Dewey Decimal Classification | Electronics and Computer Science(ECS) | Fr. Agnel's C.Rodrigues- College of Engineering | AGNEL TECHNICAL COLLEGE LIBRARY | 08/09/2025 | 1225.00 | AO/25/8/360 dt 1.9.2025 | 1 | 621.3815/NEA | 26788 | 26/09/2025 | 26/09/2025 | 08/09/2025 | BOOK | 06/10/2025 | ||||
| Dewey Decimal Classification | Electronics and Computer Science(ECS) | Fr. Agnel's C.Rodrigues- College of Engineering | Fr. Agnel's C.Rodrigues College of Engineering | 08/09/2025 | 1225.00 | AO/25/8/360 dt 1.9.2025 | 1 | 621.3815/NEA | 26787 | 16/02/2026 | 15/11/2025 | 08/09/2025 | BOOK |